Statistics for Countries with V

Click here to take the quiz!

General Stats

  • This quiz has been taken 4,567 times
    (4,563 since last reset)
  • The average score is 12 of 18

Answer Stats

Answer% Correct
Venezuela
94%
Vietnam
87%
Vatican City
85%
Vanuatu
83%
Latvia
74%
Tuvalu
73%
Slovenia
71%
Slovakia
70%
Bolivia
69%
Moldova
63%
St. Vincent and the Grenadines
62%
Kosovo
59%
Bosnia and Herzegovina
56%
Maldives
56%
Cote d'Ivoire
55%
Cape Verde
53%
El Salvador
49%
St. Kitts and Nevis
48%

Score Distribution

Percentile by Number Answered

Percent of People with Each Score

Your Score History

You have not taken this quiz since the last reset